Clase, conocimiento y ciudadanía: la (des)legitimación del Estado de bienestar en la perspectiva de la sociología del conocimiento de Mannheim/
Zapisane w:
| 1. autor: | |
|---|---|
| Format: | Książka |
| Język: | Spanish |
| Etykiety: |
Dodaj etykietę
Nie ma etykietki, Dołącz pierwszą etykiete!
|
MARC
| LEADER | 00000nam a22000007a 4500 | ||
|---|---|---|---|
| 003 | cru CIDCACS/IIS | ||
| 005 | 20180214143846.0 | ||
| 007 | ta | ||
| 008 | 180214s1993 sp |||p|r||||||0| 0|spa|| | ||
| 999 | |c 40990 |d 40990 | ||
| 040 | |c cru CIDCACS/IIS | ||
| 100 | 1 | |9 6632 |a Noya Miranda, Javier | |
| 245 | 1 | |a Clase, conocimiento y ciudadanía: |b la (des)legitimación del Estado de bienestar en la perspectiva de la sociología del conocimiento de Mannheim/ |c Javier Noya Miranda | |
| 300 | |a páginas 99-119 | ||
| 773 | 0 | |0 40983 |9 1796 |a Centro de Investigaciones Sociológicas (España) |d Madrid, España: CIS, |o 18443 |t REIS: |x 02105233 | |
| 942 | |2 ddc |c PP | ||
